Papa's Wingeria Ingredients - Statistics

General Stats
  • This quiz has been taken 7 times
  • The average score is 8 of 95
Answer Stats
Hint Answer % Correct
Meat Wings
75%
Sauce BBQ Sauce
50%
Meat Boneless Wings
50%
Side Carrots
50%
Side Celery
50%
Sauce Atomic Sauce
25%
Dip Awesome Sauce Dip
25%
Dip Blue Cheese Dip
25%
Sauce Buffalo Sauce
25%
Sauce Calypso Sauce
25%
Meat Chicken Strips
25%
Side Curly Fries
25%
Side French Fries
25%
Side Green Peppers
25%
Sauce Honey Mustard Sauce
25%
Dip (Summer Luau) Mango-Chili Dip
25%
Sauce Parmesan Sauce
25%
Sauce Peri Peri Sauce
25%
Dip Ranch Dip
25%
Side Red Peppers
25%
Meat Shrimp
25%
Sauce Teriyaki Sauce
25%
Sauce Wasabi Sauce
25%
Dip Zesty Pesto Dip
25%
Sauce Adobo Sauce
0%
Sauce Aji Amarillo Sauce
0%
Sauce Alabama BBQ Sauce
0%
Dip Artichoke Dip
0%
Side (Maple Mornings) Bacon
0%
Side (Starlight BBQ) BBQ Ribs
0%
Dip (BavariaFest) Bierkäse Dip
0%
Dip Blackberry Remoulade
0%
Sauce Blazeberry Sauce
0%
Sauce (Big Top Carnival) Candy Apple Sauce
0%
Sauce Carolina Sauce
0%
Side Cheese Cubes
0%
Dip (New Year) Cheezy Whip
0%
Side (OnionFest) Cocktail Onions
0%
Dip (Starlight BBQ) Coleslaw
0%
Side (Big Top Carnival) Corn Dogs
0%
Sauce (Christmas) Cranberry Chili Sauce
0%
Side (Mardi Gras) Crawdads
0%
Dip (Mardi Gras) Creole Crab Dip
0%
Sauce (BavariaFest) Doppelbock Sauce
0%
Sauce (Halloween) Ecto Sauce
0%
Dip (OnionFest) French Onion Dip
0%
Sauce (Lucky Lucky Matsuri) Ginger Miso Sauce
0%
Sauce (Lucky Lucky Matsuri) Gochujang Sauce
0%
Dip (Thanksgiving) Gravy
0%
Dip Guacamole
0%
Meat Hog Wings
0%
Sauce (Summer Luau) Hula Hula Sauce
0%
Dip Hummus
0%
Dip (Lucky Lucky Matsuri) Karashi Mayo
0%
Sauce (Summer Luau) Kilauea Sauce
0%
Side (Lucky Lucky Matsuri) Kobumaki
0%
Sauce (Christmas) Krampus Sauce
0%
Dip Kung Pao Dip
0%
Sauce (Halloween) La Catrina Sauce
0%
Dip Lemon Butter
0%
Sauce (Starlight BBQ) Lone Star Pit Sauce
0%
Side (Summer Luau) Luau Musubi
0%
Sauce (Starlight BBQ) Mambo Sauce
0%
Sauce (Maple Mornings) Maple Glaze
0%
Sauce Medium Sauce
0%
Sauce (Mardi Gras) Muffuletta Sauce
0%
Side (Halloween) Mummy Dogs
0%
Sauce Nashville Hot Sauce
0%
Dip (Big Top Carnival) PB&J Dip
0%
Sauce (Thanksgiving) Peppered Pumpkin Sauce
0%
Side (New Year) Pizza Poppers
0%
Side Potato Skins
0%
Sauce (New Year) Poutine Sauce
0%
Dip (Halloween) Purple Pesto
0%
Sauce (New Year) Rainbow-livian Sauce
0%
Dip (Christmas) Risalamande
0%
Side (Christmas) Roasted Asparagus
0%
Sauce (Big Top Carnival) Salted Caramel Sauce
0%
Sauce (OnionFest) Sarge's Revenge Sauce
0%
Dip (Maple Mornings) Shirred Egg
0%
Sauce Smoky Bacon Sauce
0%
Dip Southwest Dip
0%
Sauce Spicy Garlic Sauce
0%
Sauce Sriracha Sauce
0%
Sauce (Maple Mornings) Sunrise Sauce
0%
Side (Thanksgiving) Sweet Potato Wedges
0%
Side Taquitos
0%
Sauce Thai Chili Sauce
0%
Sauce Tikki Masala Sauce
0%
Meat Tofu Skewers
0%
Sauce (Mardi Gras) Vieux Carré Sauce
0%
Side (BavariaFest) Weisswurst
0%
Sauce (OnionFest) Wild Onion Sauce
0%
Sauce (Thanksgiving) Wojapi Sauce
0%
Sauce (BavariaFest) Würzig Sauce
0%
No matching quizzes found
Score Distribution
Percent of People with Each Score
Percentile by Number Answered
Your Score History
You have not taken this quiz